[Event "COL-ch U18"]
[Site "Medellin"]
[Date "2022.06.05"]
[Round "8"]
[White "Norena Marin, Jeronimo"]
[Black "Zea Parra, Luis Estiven"]
[Result "0-1"]
[WhiteElo "1370"]
[BlackElo "1477"]
[PlyCount "23"]
[EventDate "2022.06.01"]
[EventType "swiss"]
[EventRounds "9"]
[EventCountry "COL"]
[SourceTitle "CBM 208 Extra"]
[Source "ChessBase"]
[SourceDate "2022.07.31"]
[SourceVersion "1"]
[SourceVersionDate "2022.07.31"]
[SourceQuality "1"]

1. e4 c5 2. Nf3 d6 3. d4 cxd4 4. Nxd4 Nf6 5. f3 a6 6. c4 e6 7. Nc3 Be7 8. Be3 0-0 9. Be2 Qd7 10. b4 b5 11. Qb3 e5 12. Nc2 0-1

[Event "COL Subzt 2.3.4"]
[Site "Risarald"]
[Date "2021.11.26"]
[Round "6"]
[White "Norena Marin, Jeronimo"]
[Black "Manrique Bermudez, Josue"]
[Result "0-1"]
[WhiteElo "1418"]
[BlackElo "1352"]
[PlyCount "72"]
[EventDate "2021.11.23"]
[EventType "swiss"]
[EventRounds "9"]
[EventCountry "COL"]
[SourceTitle "CBM 205 Extra"]
[Source "ChessBase"]
[SourceDate "2022.01.31"]
[SourceVersion "1"]
[SourceVersionDate "2022.01.31"]
[SourceQuality "1"]

1. e4 c5 2. Nf3 g6 3. d4 cxd4 4. Nxd4 Bg7 5. Be3 Nc6 6. c4 Nf6 7. f3 Qb6 8. Qd2 Nxe4 9. fxe4 Nxd4 10. Na3 Qf6 11. 0-0-0 Nc6 12. Be2 0-0 13. h4 a6 14. h5 b5 15. c5 Qe6 16. Qd5 Qf6 17. Qd2 Bb7 18. Bf3 Ne5 19. Rh3 a5 20. hxg6 fxg6 21. Bd4 Qe6 22. Kb1 b4 23. Nc2 Nxf3 24. Rxf3 Bxe4 25. Re3 Qf5 26. Bxg7 Bxc2+ 27. Qxc2 Qxc2+ 28. Kxc2 Rf2+ 29. Kc1 Kxg7 30. Rxe7+ Kf6 31. Rdxd7 Rxg2 32. Rxh7 Re8 33. Rhf7+ Kg5 34. c6 Ree2 35. Rd5+ Kh6 36. Rc5 Re1# 0-1

[Event "Manizales Las Americas op-C"]
[Site "Manizales"]
[Date "2021.10.15"]
[Round "2"]
[White "Norena Marin, Jeronimo"]
[Black "Dabraccio, Guillermo"]
[Result "1-0"]
[WhiteElo "1334"]
[BlackElo "1618"]
[PlyCount "68"]
[EventDate "2021.10.14"]
[EventType "swiss"]
[EventRounds "9"]
[EventCountry "COL"]
[SourceTitle "EXT 2023"]
[Source "ChessBase"]
[SourceDate "2022.10.05"]
[SourceVersion "1"]
[SourceVersionDate "2022.10.05"]
[SourceQuality "1"]

1. e4 c5 2. Nf3 Nc6 3. d4 cxd4 4. Nxd4 e6 5. c4 Nf6 6. Nc3 a6 7. a3 Qc7 8. Be3 b6 9. f3 Be7 10. Be2 0-0 11. Qd2 d6 12. b4 Rd8 13. Rd1 Ne5 14. Rc1 Bb7 15. 0-0 Rdc8 16. Na4 Qd8 17. Nb3 Ned7 18. Rfd1 Rab8 19. c5 bxc5 20. bxc5 d5 21. exd5 Nxd5 22. Rc2 Bc6 23. Nb6 N7xb6 24. cxb6 Nxe3 25. Qxe3 Qf8 26. Bxa6 Bb7 27. Rxc8 Bxc8 28. Bxc8 Qxc8 29. a4 Qa6 30. a5 g6 31. Rd7 Rb7 32. Rxb7 Qxb7 33. Qe4 Qb8 34. Nd4 Qc8 1-0

[Event "Medellin Antioquia 2nd League"]
[Site "Medellin"]
[Date "2021.??.??"]
[Round "5"]
[White "Norena Marin, Jeronimo"]
[Black "Llano, Antonio"]
[Result "1/2-1/2"]
[WhiteElo "1337"]
[BlackElo "1546"]
[PlyCount "57"]
[EventDate "2021.08.31"]
[EventType "swiss"]
[EventRounds "7"]
[EventCountry "COL"]
[SourceTitle "CBM 204 Extra"]
[Source "ChessBase"]
[SourceDate "2021.11.30"]
[SourceVersion "1"]
[SourceVersionDate "2021.11.30"]
[SourceQuality "1"]

1. e4 c5 2. Nf3 g6 3. d4 cxd4 4. Nxd4 Bg7 5. Bc4 d6 6. 0-0 Nf6 7. Nc3 0-0 8. Be3 Nc6 9. f3 Qb6 10. Bb3 Nxe4 11. fxe4 Bxd4 12. Bxd4 Qxd4+ 13. Qxd4 Nxd4 14. Nd5 e6 15. Nf6+ Kg7 16. Rad1 Nxb3 17. axb3 b6 18. Rxd6 Bb7 19. e5 Rfd8 20. Rfd1 Rxd6 21. Rxd6 Rc8 22. c4 Rc5 23. Nd7 Ra5 24. Kf2 Bc8 25. g3 Bxd7 26. Rxd7 Ra2 27. Rd2 Ra5 28. Rd7 Ra2 29. Rd2 1/2-1/2

[Event "Medellin Aristizabal Cup"]
[Site "Medellin"]
[Date "2020.11.22"]
[Round "7"]
[White "Norena Marin, Jeronimo"]
[Black "Diaz Larrea, Juan Manuel"]
[Result "0-1"]
[WhiteElo "1337"]
[BlackElo "1557"]
[PlyCount "46"]
[EventDate "2020.11.18"]
[EventType "swiss"]
[EventRounds "7"]
[EventCountry "COL"]
[SourceTitle "CBM 199 Extra"]
[Source "ChessBase"]
[SourceDate "2021.01.31"]
[SourceVersion "1"]
[SourceVersionDate "2021.01.31"]
[SourceQuality "1"]

1. e4 e5 2. Nf3 Nc6 3. Bc4 Nf6 4. d3 Bc5 5. c3 h6 6. Bb3 0-0 7. 0-0 d5 8. Nbd2 dxe4 9. Nxe4 Nxe4 10. dxe4 Bg4 11. Bd5 Qf6 12. b4 Bb6 13. a4 a6 14. Be3 Rad8 15. Qe2 Rd6 16. Rad1 Bxf3 17. Qxf3 Qxf3 18. gxf3 Bxe3 19. fxe3 Rfd8 20. f4 exf4 21. exf4 Kf8 22. Rf3 Ne7 23. c4 c6 0-1

[Event "Medellin Aristizabal Cup"]
[Site "Medellin"]
[Date "2020.11.21"]
[Round "4"]
[White "Ortiz Lopera, Miguel Angel"]
[Black "Norena Marin, Jeronimo"]
[Result "0-1"]
[WhiteElo "1359"]
[BlackElo "1337"]
[PlyCount "54"]
[EventDate "2020.11.18"]
[EventType "swiss"]
[EventRounds "7"]
[EventCountry "COL"]
[SourceTitle "CBM 199 Extra"]
[Source "ChessBase"]
[SourceDate "2021.01.31"]
[SourceVersion "1"]
[SourceVersionDate "2021.01.31"]
[SourceQuality "1"]

1. e4 d5 2. exd5 Nf6 3. Nc3 Nxd5 4. Nxd5 Qxd5 5. d4 Nc6 6. Be3 Bf5 7. c3 Rd8 8. Nf3 g6 9. Be2 Bg7 10. 0-0 0-0 11. a3 e5 12. dxe5 Nxe5 13. Qxd5 Rxd5 14. Nxe5 Rxe5 15. Bf3 Rb5 16. g4 Bc2 17. Ra2 Bb3 18. Raa1 f5 19. a4 Ra5 20. Ra3 fxg4 21. Bxg4 Bd5 22. Bd7 Bf3 23. Bb5 Rf5 24. b4 Bf8 25. Raa1 Bd6 26. bxa5 Rh5 27. Bc5 Rg5# 0-1

[Event "Medellin Aristizabal Cup"]
[Site "Medellin"]
[Date "2020.11.20"]
[Round "3"]
[White "Munoz, Miguel Angel"]
[Black "Norena Marin, Jeronimo"]
[Result "1-0"]
[WhiteElo "1699"]
[BlackElo "1337"]
[PlyCount "57"]
[EventDate "2020.11.18"]
[EventType "swiss"]
[EventRounds "7"]
[EventCountry "COL"]
[SourceTitle "CBM 199 Extra"]
[Source "ChessBase"]
[SourceDate "2021.01.31"]
[SourceVersion "1"]
[SourceVersionDate "2021.01.31"]
[SourceQuality "1"]

1. e4 d5 2. exd5 Nf6 3. Nc3 Nxd5 4. Nxd5 Qxd5 5. d4 Nc6 6. Be3 Bf5 7. a3 0-0-0 8. Nf3 e5 9. dxe5 Nxe5 10. Be2 Bc5 11. Qxd5 Rxd5 12. c4 Nxf3+ 13. gxf3 Bxe3 14. cxd5 Bd4 15. 0-0 Bxb2 16. Ra2 Be5 17. Bc4 h5 18. Re1 f6 19. Rae2 Rh6 20. f4 Rg6+ 21. Kh1 Bxf4 22. Bb5 b6 23. Bc6 Be5 24. f4 Bg4 25. Re3 h4 26. fxe5 fxe5 27. Rf1 Kd8 28. Rxe5 Rxc6 29. dxc6 1-0

[Event "Antioquia op"]
[Site "Antioquia"]
[Date "2020.03.04"]
[Round "3"]
[White "Norena Marin, Jeronimo"]
[Black "Diaz Larrea, Juan Manuel"]
[Result "1-0"]
[WhiteElo "1269"]
[BlackElo "1575"]
[PlyCount "118"]
[EventDate "2020.03.03"]
[EventType "swiss"]
[EventRounds "9"]
[EventCountry "COL"]
[SourceTitle "CBM 195 Extra"]
[Source "ChessBase"]
[SourceDate "2020.05.31"]
[SourceVersion "1"]
[SourceVersionDate "2020.05.31"]
[SourceQuality "1"]

1. e4 e5 2. Nf3 Nc6 3. Bc4 Nf6 4. d3 Bc5 5. c3 h6 6. 0-0 d6 7. Nbd2 a5 8. Re1 0-0 9. Nf1 Ne7 10. Be3 Bxe3 11. Nxe3 c6 12. a3 a4 13. Qc2 b5 14. Ba2 Ng6 15. Rad1 Re8 16. d4 Qe7 17. dxe5 dxe5 18. Nf5 Qc7 19. Nd6 Re7 20. Re2 Be6 21. c4 Rd7 22. Red2 Rad8 23. Nf5 Rxd2 24. Rxd2 Rxd2 25. Nxd2 Qd7 26. b3 Nxe4 27. Nxh6+ gxh6 28. Nxe4 Kg7 29. Ng3 axb3 30. Bxb3 Nf4 31. h3 Bxh3 32. gxh3 Qxh3 33. Nf5+ Kh8 34. Ne3 Qf3 35. cxb5 Nh3+ 36. Kf1 Qh1+ 37. Ke2 e4 38. Qc3+ Kh7 39. Nf5 Nf4+ 40. Kd2 Qg1 41. Qe3 Qg5 42. Nd6 Qf6 43. Qxe4+ Ng6 44. Nxf7 cxb5 45. Qe3 Qb2+ 46. Bc2 Kg7 47. Qxh6+ Kxf7 48. Qxg6+ Ke7 49. Qe4+ Kf6 50. f4 Qxa3 51. Qe5+ Kf7 52. Qc7+ Kf6 53. f5 Qb4+ 54. Qc3+ Qxc3+ 55. Kxc3 Ke5 56. Kb4 Kf6 57. Kxb5 Kf7 58. Kc6 Ke7 59. Kc7 Kf7 1-0

[Event "Pan American-ch School U13"]
[Site "Medellin"]
[Date "2019.11.12"]
[Round "1"]
[White "Gonzalez, Leandro"]
[Black "Norena Marin, Jeronimo"]
[Result "0-1"]
[WhiteElo "1723"]
[BlackElo "1297"]
[PlyCount "64"]
[EventDate "2019.11.12"]
[EventType "swiss"]
[EventRounds "9"]
[EventCountry "COL"]
[SourceTitle "CBM 193 Extra"]
[Source "ChessBase"]
[SourceDate "2020.01.31"]
[SourceVersion "1"]
[SourceVersionDate "2020.01.31"]
[SourceQuality "1"]

1. e4 d5 2. exd5 Nf6 3. d4 Nxd5 4. Nf3 Bf5 5. c3 e6 6. Bd3 Qf6 7. 0-0 Bd6 8. Bxf5 Qxf5 9. c4 Nb4 10. Na3 N8c6 11. Bd2 Nd3 12. c5 Be7 13. b4 Bf6 14. Nc2 Rd8 15. Bc3 Qe4 16. b5 Ne7 17. Nd2 Qg6 18. Qf3 Nd5 19. Ne4 Nxc3 20. Nxc3 Bxd4 21. Nxd4 Rxd4 22. Qxb7 0-0 23. Ne2 Rd5 24. Qxc7 Rxc5 25. Qxa7 Rxb5 26. Qe3 Re5 27. Qf3 h6 28. Nf4 Nxf4 29. Qxf4 Re4 30. Qf3 f5 31. Rfe1 Qf6 32. Rxe4 Qxa1+ 0-1

[Event "Medellin Aristizabal Cup"]
[Site "Medellin"]
[Date "2019.01.25"]
[Round "4"]
[White "Molina Ballesteros, Juan Sebastian"]
[Black "Norena Marin, Jeronimo"]
[Result "1-0"]
[WhiteElo "1375"]
[BlackElo "1352"]
[PlyCount "61"]
[EventDate "2019.01.24"]
[EventType "swiss"]
[EventRounds "7"]
[EventCountry "COL"]
[SourceTitle "EXT 2020"]
[Source "ChessBase"]
[SourceDate "2019.10.17"]
[SourceVersion "1"]
[SourceVersionDate "2019.10.17"]
[SourceQuality "1"]

1. e4 e5 2. Nf3 Nf6 3. Nxe5 d6 4. Nf3 Nxe4 5. d4 d5 6. Bd3 Nf6 7. 0-0 Bd6 8. h3 0-0 9. Bg5 h6 10. Bh4 Be6 11. Ne5 c5 12. c3 c4 13. Bc2 Re8 14. f4 Qe7 15. Nd2 Nc6 16. Qf3 b5 17. Nxc6 Qc7 18. Ne5 Be7 19. Bxf6 Bxf6 20. Ng4 Be7 21. f5 Bd7 22. f6 Bd6 23. fxg7 Be6 24. Nf6+ Kxg7 25. Nxe8+ Rxe8 26. Qf6+ Kf8 27. Qxh6+ Ke7 28. Qf6+ Kf8 29. Nf3 Bf4 30. Nh4 Bh2+ 31. Kh1 1-0